000 00659nam a22002057a 4500
999 _c10354
_d10354
003 AR-CdUCM
008 190401b ||||| |||| 00| 0 spa d
040 _aMUNICIPALIDAD PROVINCIAL DEL CUSCO
_cBIBLIOTECA MUNICIPAL DEL CUSCO
082 _aES / 869.57 /
_bC7965
100 _aCórdova Conga, Carlos E.
_927153
245 _aEl secreto de quien no volvió /
260 _aCusco :
_bMultiservicios punto com.
_c2011.
300 _a137 páginas ;
_bIlustraciones,
_c20 cm.
505 _aContenido: Cuentos peruanos.
650 _aCuentos peruanos
_97
650 _aLiteratura escolar
_926679
650 _aCusco
_9772
942 _2ddc
_cLIBROS
945 _adavv